000 00425nam a2200205Ia 4500
001 13416
003 GE_BSU
008 181216s||||||||xx |||||||||||||| ||und||
020 _a9780755323135
040 _cGE_BSU
080 _a821.111-3
100 _aPatterson,james
245 _aBeach road
260 _aLondon
260 _bHeadline
260 _c2006
300 _a424p.24cm.
653 _aBeach road
942 _cBK
999 _c46577
_d46577